[Event "29.Schlosspark-Open"]
[Site "Wiesbaden-Biebrich"]
[Date "2017.08.24"]
[Round "1.28"]
[White "Bühler, Severin"]
[Black "Hoppe, Thilo"]
[Result "0-1"]
[WhiteElo "1776"]
[BlackElo "2084"]
[PlyCount "94"]
[EventDate "2017.??.??"]
[WhiteTeam "Heilbronner SV"]
[BlackTeam "SC Bonn Beuel"]

1. e4 c5 2. Nf3 d6 3. d4 cxd4 4. Nxd4 Nf6 5. Nc3 g6 6. Be3 Bg7 7. f3 Nc6 8. Qd2
O-O 9. g4 h5 10. g5 Nd7 11. O-O-O Nb6 12. f4 d5 13. exd5 Nxd5 14. Nxc6 bxc6 15.
Nxd5 cxd5 16. Bd4 Bxd4 17. Qxd4 Bg4 18. Rd2 Qa5 19. a3 Bf5 20. Bd3 Bxd3 21.
Qxd3 e6 22. Rf1 Rfd8 23. Qd4 Rab8 24. Rf3 Rb7 25. Rdd3 Rdb8 26. Rb3 Qe1+ 27.
Qd1 Qe4 28. Rxb7 Rxb7 29. Qd3 Qe1+ 30. Qd1 Qxd1+ 31. Kxd1 Rxb2 32. Rb3 Ra2 33.
Kc1 Ra1+ 34. Kb2 Rh1 35. Rb7 Rxh2 36. Rxa7 h4 37. a4 h3 38. a5 Rf2 39. Rb7 h2
40. a6 Rxf4 41. Kb3 h1=Q 42. Rb8+ Kg7 43. a7 Qb1+ 44. Kc3 Rc4+ 45. Kd2 Qxc2+
46. Ke1 Re4+ 47. Kf1 Qe2+ 0-1

[Event "29.Schlosspark-Open"]
[Site "Wiesbaden-Biebrich"]
[Date "2017.08.24"]
[Round "1.29"]
[White "Zilberman, Polina"]
[Black "Falkenhainer, Sven"]
[Result "1-0"]
[WhiteElo "2149"]
[BlackElo "1762"]
[PlyCount "55"]
[EventDate "2017.??.??"]
[WhiteTeam "SC Rohrbach-Boxberg"]
[BlackTeam "SC Bergen-Enkheim"]

1. d4 e6 2. Nf3 d5 3. c3 c5 4. Bf4 Nf6 5. e3 Bd7 6. Nbd2 Nc6 7. Bd3 Be7 8. Ne5
O-O 9. h4 cxd4 10. exd4 Nxe5 11. dxe5 Ne8 12. Qc2 h6 13. Nf3 f5 14. exf6 Nxf6
15. Ne5 Bd6 16. Qe2 Bxe5 17. Bxe5 Bc6 18. O-O-O Qa5 19. Kb1 Ne4 20. f3 Rf5 21.
Bh2 Qb6 22. Ka1 Rf7 23. Bg1 Ng3 24. Qxe6 Qa5 25. Qg6 Nxh1 26. Qh7+ Kf8 27. Qh8+
Ke7 28. Re1+ 1-0

[Event "29.Schlosspark-Open"]
[Site "Wiesbaden-Biebrich"]
[Date "2017.08.24"]
[Round "1.31"]
[White "Carow, Annelen"]
[Black "Wunschik, Joachim"]
[Result "1-0"]
[WhiteElo "2120"]
[BlackElo "1762"]
[PlyCount "77"]
[EventDate "2017.??.??"]
[WhiteTeam "SF Heidesheim"]
[BlackTeam "SV Rüsselsheim"]

1. d4 Nf6 2. c4 c5 3. d5 b5 4. Nf3 Bb7 5. Qc2 bxc4 6. e4 d6 7. Bxc4 g6 8. O-O
Bg7 9. Nc3 O-O 10. h3 Nbd7 11. Bf4 Nb6 12. Be2 a5 13. Rad1 Qc8 14. Nb5 a4 15.
Nd2 Ba6 16. Nb1 Rd8 17. N1c3 Qb7 18. Be3 Rab8 19. Rd2 Nfd7 20. Na3 Bxe2 21.
Rxe2 Qa6 22. Rfe1 Ne5 23. Bg5 Rb7 24. Ncb5 Rdb8 25. f4 Nec4 26. Nxc4 Nxc4 27.
Qxc4 Qxb5 28. Qxb5 Rxb5 29. Bxe7 Rxb2 30. Bxd6 Bd4+ 31. Kh2 Rxe2 32. Rxe2 Rb1
33. Rc2 Re1 34. Bxc5 Rxe4 35. Bd6 Be3 36. g3 Bd4 37. a3 Bf6 38. Rc8+ Kg7 39.
Bf8+ 1-0

[Event "29.Schlosspark-Open"]
[Site "Wiesbaden-Biebrich"]
[Date "2017.08.24"]
[Round "1.32"]
[White "Krischak, Werner"]
[Black "Puschendorf, Steffen"]
[Result "0-1"]
[WhiteElo "1761"]
[BlackElo "2115"]
[PlyCount "40"]
[EventDate "2017.??.??"]
[WhiteTeam "SK Marburg"]
[BlackTeam "ESV Gera"]

1. d4 d5 2. c4 c6 3. Nf3 e6 4. e3 f5 5. Nc3 Nf6 6. Bd3 Bd6 7. O-O O-O 8. Qc2
Ne4 9. Rb1 Nd7 10. b4 Rf6 11. b5 Rh6 12. bxc6 Bxh2+ 13. Nxh2 Qh4 14. Re1 Qxh2+
15. Kf1 bxc6 16. Ne2 Qh1+ 17. Ng1 Rh2 18. Bxe4 fxe4 19. cxd5 Qxg2+ 20. Ke2
Qxf2+ 0-1

[Event "29.Schlosspark-Open"]
[Site "Wiesbaden-Biebrich"]
[Date "2017.08.24"]
[Round "1.33"]
[White "Goloborodko, Dimitri"]
[Black "Meyer, Marcel"]
[Result "1-0"]
[WhiteElo "2114"]
[BlackElo "1748"]
[PlyCount "77"]
[EventDate "2017.??.??"]
[WhiteTeam "SG Idstein"]
[BlackTeam "SC Herborn"]

1. d4 Nf6 2. c4 e6 3. Nc3 Bb4 4. e3 c5 5. Bd3 b6 6. Nge2 Bb7 7. O-O O-O 8. a3
cxd4 9. exd4 Be7 10. b3 d5 11. Ng3 Nc6 12. Be3 Rc8 13. cxd5 Nxd5 14. Nxd5 Qxd5
15. Be4 Qd7 16. d5 exd5 17. Bf5 Qd6 18. Bxc8 Bxc8 19. Qd2 Be6 20. Bg5 f6 21.
Bf4 Ne5 22. Rfd1 Rd8 23. Ne2 Qd7 24. Nd4 Bg4 25. Re1 Ng6 26. Bg3 Bc5 27. Rac1
Bd6 28. Nc6 Bxa3 29. Nxd8 Bxc1 30. Rxc1 Qxd8 31. Rc7 a6 32. Qd4 Qe8 33. Qxd5+
Kh8 34. h3 Be6 35. Qb7 Qg8 36. Qxa6 Qd8 37. Qxb6 Qd1+ 38. Kh2 Qxb3 39. Qa7 1-0

[Event "29.Schlosspark-Open"]
[Site "Wiesbaden-Biebrich"]
[Date "2017.08.24"]
[Round "1.34"]
[White "Köllner, Felicitas Ophelia"]
[Black "Kregelin, Jan"]
[Result "0-1"]
[WhiteElo "1740"]
[BlackElo "2112"]
[PlyCount "68"]
[EventDate "2017.??.??"]
[WhiteTeam "SV Bergneustadt/Derschlag"]
[BlackTeam "FVS ASP Hoyerswerda"]

1. d4 d5 2. Nf3 Nf6 3. e3 e6 4. Bd3 b6 5. Nbd2 Bb7 6. O-O Bd6 7. Qe2 Ne4 8. c4
O-O 9. Ne5 f6 10. Nef3 Nd7 11. a3 a5 12. Bc2 f5 13. Rb1 Qe7 14. Nxe4 fxe4 15.
Nd2 Ba6 16. Bb3 Qh4 17. h3 Rf5 18. Qg4 Qf6 19. Ba2 Rf8 20. Qe2 c5 21. dxc5 Nxc5
22. b4 Nd3 23. b5 Bb7 24. cxd5 Bxd5 25. Bxd5 exd5 26. f3 Qh4 27. f4 Bc5 28. Nb3
Nxf4 29. Rxf4 Rxf4 30. Nxc5 Rf2 31. Qd1 Qg5 32. Qg4 Rf1+ 33. Kh2 Qe5+ 34. g3
R8f2# 0-1

[Event "29.Schlosspark-Open"]
[Site "Wiesbaden-Biebrich"]
[Date "2017.08.24"]
[Round "1.35"]
[White "Weidel, Albrecht"]
[Black "Reitz, Theresa"]
[Result "1-0"]
[WhiteElo "2108"]
[BlackElo "1719"]
[PlyCount "39"]
[EventDate "2017.??.??"]
[WhiteTeam "SF Ravensburg"]
[BlackTeam "VfR-SC Koblenz"]

1. d4 Nf6 2. Nf3 g6 3. c4 Bg7 4. Nc3 d5 5. cxd5 Nxd5 6. e4 Nxc3 7. bxc3 O-O 8.
Be2 c5 9. Rb1 Nc6 10. d5 Bxc3+ 11. Bd2 Bxd2+ 12. Qxd2 Nb8 13. h4 h5 14. Qh6
Qa5+ 15. Kf1 Qxa2 16. Re1 f6 17. Qxg6+ Kh8 18. Qh6+ Kg8 19. Nd2 Nd7 20. Bc4 1-0

[Event "29.Schlosspark-Open"]
[Site "Wiesbaden-Biebrich"]
[Date "2017.08.24"]
[Round "1.36"]
[White "Geltz, Noah"]
[Black "Flach, Erich"]
[Result "0-1"]
[WhiteElo "1737"]
[BlackElo "2105"]
[PlyCount "52"]
[EventDate "2017.??.??"]
[WhiteTeam "SF HN-Biberach"]
[BlackTeam "SK Langen"]

1. d4 Nf6 2. c4 c5 3. e3 e6 4. Nc3 a6 5. Nf3 d5 6. cxd5 exd5 7. dxc5 Bxc5 8.
Be2 O-O 9. O-O Nc6 10. Qc2 Qe7 11. Rd1 Rd8 12. Nd4 Ba7 13. a3 Qe5 14. Nxc6 bxc6
15. Bf3 Bg4 16. Qa4 d4 17. exd4 Rxd4 18. Qc2 Bxf3 19. gxf3 Rh4 20. f4 Qh5 21.
Qd3 Rxh2 22. Qd8+ Ne8 23. Qd3 Rh1+ 24. Kg2 Qh2+ 25. Kf3 Qxf2+ 26. Kg4 Nf6+ 0-1

[Event "29.Schlosspark-Open"]
[Site "Wiesbaden-Biebrich"]
[Date "2017.08.24"]
[Round "1.37"]
[White "Köllner, Christof"]
[Black "Schneider, Lutz"]
[Result "1-0"]
[WhiteElo "2105"]
[BlackElo "1737"]
[PlyCount "66"]
[EventDate "2017.??.??"]
[WhiteTeam "SV Bergneustadt/Derschlag"]
[BlackTeam "Sfr. Wiesbaden"]

1. d4 Nf6 2. Bg5 e6 3. Nd2 Be7 4. e4 d5 5. e5 Nfd7 6. Bxe7 Qxe7 7. c3 c5 8.
Ngf3 Nc6 9. Bd3 f5 10. h4 b6 11. a3 O-O 12. b4 cxd4 13. cxd4 Bb7 14. Nb3 Rac8
15. b5 Ncb8 16. Qd2 Rc7 17. O-O Rfc8 18. Nc1 Rc3 19. Qb2 Nf8 20. Rd1 R3c7 21.
Ne2 Nbd7 22. Qb4 Qxb4 23. axb4 Ba8 24. Ra2 Rb8 25. Rda1 Rbb7 26. Nf4 h6 27.
Bxf5 exf5 28. Nxd5 Rc4 29. Ne7+ Kf7 30. Nc6 Rc7 31. d5 Ke8 32. Rxa7 Rxa7 33.
Rxa7 Bxc6 1-0

[Event "29.Schlosspark-Open"]
[Site "Wiesbaden-Biebrich"]
[Date "2017.08.24"]
[Round "1.38"]
[White "Zerhusen, Martin"]
[Black "Bauer, Claus"]
[Result "0-1"]
[WhiteElo "1731"]
[BlackElo "2102"]
[PlyCount "56"]
[EventDate "2017.??.??"]
[WhiteTeam "SV Oberursel"]
[BlackTeam "SF Mainz"]

1. d4 d6 2. c4 Nf6 3. Nc3 Nbd7 4. e4 e5 5. d5 Be7 6. Bd3 Nc5 7. Nge2 O-O 8. Be3
Nfd7 9. O-O a5 10. Na4 Bg5 11. Nxc5 Nxc5 12. Bxc5 dxc5 13. a4 Ra6 14. f4 exf4
15. Nxf4 Re8 16. g3 Qe7 17. Qc2 Qe5 18. Qc3 Qd6 19. Rae1 Bf6 20. Qc2 Be5 21. b3
Bd7 22. Kh1 Qh6 23. Qf2 Bd4 24. Qc2 Rf6 25. Ne2 Bf2 26. Rb1 Bh3 27. Rfc1 Be3
28. Re1 Rf2 0-1

[Event "29.Schlosspark-Open"]
[Site "Wiesbaden-Biebrich"]
[Date "2017.08.24"]
[Round "1.39"]
[White "Stork, Oliver"]
[Black "Kuckel, Michael"]
[Result "1-0"]
[WhiteElo "2093"]
[BlackElo "1728"]
[PlyCount "95"]
[EventDate "2017.??.??"]
[WhiteTeam "SV Oberursel"]
[BlackTeam "SC Matt im Park"]

1. c4 f5 2. g3 Nf6 3. Bg2 e6 4. Nc3 Be7 5. e3 c6 6. Nf3 d5 7. O-O O-O 8. d3 b6
9. Qc2 Bb7 10. b3 Nbd7 11. e4 fxe4 12. dxe4 Nxe4 13. Nxe4 dxe4 14. Qxe4 Nc5 15.
Qe2 Bf6 16. Bb2 Qd3 17. Qxd3 Nxd3 18. Bxf6 gxf6 19. Nd4 Rfd8 20. Nxe6 Rd6 21.
Rad1 Rxe6 22. Rxd3 Rae8 23. h4 Kf7 24. Bf3 R8e7 25. Rfd1 Re1+ 26. Rxe1 Rxe1+
27. Kg2 Re7 28. b4 Ba6 29. Rd4 c5 30. bxc5 bxc5 31. Bd5+ Kg7 32. Rg4+ Kh6 33.
Rf4 Kg7 34. Rf3 Bb7 35. Bxb7 Rxb7 36. Rb3 Re7 37. Rb5 Rc7 38. Ra5 Kf7 39. Kf3
Ke6 40. Ke4 f5+ 41. Kf4 Kf6 42. a4 Kg6 43. f3 Rc6 44. Rxa7 Rd6 45. Ke5 Rd4 46.
Ra6+ Kg7 47. Kxf5 Rxc4 48. Ra7+ 1-0

[Event "29.Schlosspark-Open"]
[Site "Wiesbaden-Biebrich"]
[Date "2017.08.24"]
[Round "1.40"]
[White "Stieg, Bastian"]
[Black "Bader, Dominic"]
[Result "0-1"]
[WhiteElo "1730"]
[BlackElo "2087"]
[PlyCount "116"]
[EventDate "2017.??.??"]
[WhiteTeam "SV Oberursel"]
[BlackTeam "SG Büchenbach/Roth"]

1. c4 Nf6 2. g3 e6 3. Bg2 c5 4. Nf3 Be7 5. d4 cxd4 6. Nxd4 Qc7 7. b3 a6 8. Bb2
d6 9. Nd2 Nc6 10. Nxc6 bxc6 11. O-O O-O 12. Qc2 Rb8 13. Ne4 Nxe4 14. Bxe4 f5
15. Bg2 e5 16. e3 Be6 17. Rad1 a5 18. Rfe1 a4 19. Bc3 e4 20. Bf1 axb3 21. axb3
c5 22. Ra1 Rb7 23. Ra3 Rfb8 24. Qb2 Bf8 25. Qc2 Qf7 26. Rea1 d5 27. Be5 Re8 28.
Bb2 Rd8 29. Ra8 Rxa8 30. Rxa8 dxc4 31. bxc4 Qd7 32. Ba3 Kf7 33. Qa4 Qxa4 34.
Rxa4 Rb1 35. Kg2 Rb7 36. Ra5 Rc7 37. h4 Bd6 38. Be2 Ke7 39. Bb2 g6 40. Ba3 Kd7
41. Bf1 Be7 42. Be2 Kd6 43. Kf1 Bf6 44. Ra6+ Rc6 45. Ra7 h5 46. Ra5 Bc3 47. Rb5
Bc8 48. Rb3 Ba5 49. Rb5 Bc7 50. f4 Ba6 51. Rb1 Ba5 52. Bb2 Bb4 53. Be5+ Ke7 54.
Ra1 Kd7 55. Rd1+ Kc8 56. Rd6 Rxd6 57. Bxd6 Kb7 58. g4 hxg4 0-1

[Event "29.Schlosspark-Open"]
[Site "Wiesbaden-Biebrich"]
[Date "2017.08.24"]
[Round "1.41"]
[White "Rolf, Marco"]
[Black "Reinisch, Markus"]
[Result "0-1"]
[WhiteElo "2082"]
[BlackElo "1727"]
[PlyCount "70"]
[EventDate "2017.??.??"]
[WhiteTeam "SK Gernsheim"]
[BlackTeam "Wiesbadener SV"]

1. d4 d5 2. c4 e6 3. Nc3 Nf6 4. cxd5 exd5 5. Bg5 Be7 6. e3 c6 7. Bd3 O-O 8. Qc2
Nbd7 9. Nf3 Re8 10. O-O h6 11. Bh4 Nf8 12. Rae1 Be6 13. Ne5 a6 14. f4 c5 15. f5
Bd7 16. dxc5 Bxc5 17. Nxf7 Kxf7 18. Nxd5 Bc6 19. Bc4 Bxd5 20. Bxf6 gxf6 21. Rd1
Qb6 22. Bxd5+ Kg7 23. Kh1 Bxe3 24. Qc4 Nh7 25. h4 Qb5 26. Qc7+ Kh8 27. Bf7 Rac8
28. Qg3 Re4 29. Rf3 Qa4 30. b3 Rxh4+ 31. Qh3 Rxh3+ 32. Rxh3 Qg4 33. Bh5 Qf4 34.
Rf3 Qe5 35. Re1 Rc1 0-1

[Event "29.Schlosspark-Open"]
[Site "Wiesbaden-Biebrich"]
[Date "2017.08.24"]
[Round "1.42"]
[White "Ziegler, Jörg"]
[Black "Neurohr, Jürgen"]
[Result "0-1"]
[WhiteElo "1724"]
[BlackElo "2073"]
[PlyCount "144"]
[EventDate "2017.??.??"]
[WhiteTeam "BKA Wiesbaden"]
[BlackTeam "SF Mainz"]

1. c4 g6 2. d4 Nf6 3. Nc3 Bg7 4. e4 d6 5. h3 O-O 6. Nf3 c5 7. Be3 cxd4 8. Nxd4
b6 9. Be2 Bb7 10. Bf3 Nbd7 11. O-O Rc8 12. b3 a6 13. Rc1 e6 14. Re1 Nc5 15. Bg5
Rc7 16. Qd2 Qa8 17. Qe3 Re8 18. Re2 Rec8 19. Rce1 b5 20. cxb5 Nxb3 21. Nxb3
Rxc3 22. Qd2 axb5 23. Qxd6 Rc2 24. Rxc2 Rxc2 25. Nd4 Ne8 26. Qd7 Rc7 27. Qd8
Qxd8 28. Bxd8 Rd7 29. Bb6 Bxd4 30. Rd1 Rd6 31. Bxd4 Rd7 32. Kf1 f6 33. Ke1 Kf7
34. Bc5 Rxd1+ 35. Kxd1 f5 36. e5 Bxf3+ 37. gxf3 Nc7 38. Kd2 Nd5 39. Be3 Ke7 40.
Kc2 Kd7 41. a3 Kc6 42. f4 Nc7 43. Kd3 Kd5 44. Bb6 Na6 45. Be3 Nb8 46. Bb6 Nc6
47. Be3 g5 48. fxg5 Nxe5+ 49. Ke2 Ke4 50. h4 f4 51. Bc5 Nf3 52. Be7 Nxh4 53.
Bf6 Nf3 54. Be7 Nd4+ 55. Kd2 Kf3 56. Kc3 Nc6 57. Bc5 Kg4 58. Kd3 Kf3 59. Kd2 e5
60. Ke1 Kg4 61. Ke2 Kxg5 62. f3 Kf5 63. Kd3 h5 64. Bf2 Ke6 65. Ke4 Ne7 66. Be1
Nf5 67. Bc3 Nd6+ 68. Kd3 Kd5 69. Bd2 Nc4 70. Bc1 h4 71. Ke2 Kd4 72. Kf2 Kd3 0-1

[Event "29.Schlosspark-Open"]
[Site "Wiesbaden-Biebrich"]
[Date "2017.08.24"]
[Round "1.43"]
[White "Biegler, Markus"]
[Black "Tojcic, Josip"]
[Result "1-0"]
[WhiteElo "2071"]
[BlackElo "1720"]
[PlyCount "55"]
[EventDate "2017.??.??"]
[WhiteTeam "SC Illingen"]
[BlackTeam "Frankfurter TV"]

1. c4 c6 2. e4 d5 3. exd5 cxd5 4. d4 Nf6 5. Nc3 e6 6. Bg5 dxc4 7. Bxc4 Be7 8.
Nf3 O-O 9. O-O a6 10. Ne5 b5 11. Be2 Bb7 12. Bf3 Qb6 13. Qe2 Rd8 14. Rfe1 Nbd7
15. Bxb7 Qxb7 16. Nxf7 Kxf7 17. Qxe6+ Kg6 18. Qxe7 Kxg5 19. Qxg7+ Kf5 20. Re5+
Nxe5 21. Qxb7 Nc4 22. Re1 Nxb2 23. Qf3+ Kg5 24. Ne4+ Nxe4 25. Rxe4 h5 26. Re5+
Kg6 27. Qf5+ Kg7 28. Re7+ 1-0

[Event "29.Schlosspark-Open"]
[Site "Wiesbaden-Biebrich"]
[Date "2017.08.24"]
[Round "1.44"]
[White "Maleski, Heinz"]
[Black "Bischoff, Ulrich"]
[Result "0-1"]
[WhiteElo "1708"]
[BlackElo "2071"]
[PlyCount "58"]
[EventDate "2017.??.??"]
[WhiteTeam "SV Mainz-Mombach"]
[BlackTeam "Sfr. Erbach"]

1. d4 d5 2. Nf3 Nf6 3. Bf4 c5 4. e3 Nc6 5. Bb5 e6 6. Nbd2 Qb6 7. Bxc6+ bxc6 8.
O-O Be7 9. dxc5 Bxc5 10. Nb3 Be7 11. Rc1 O-O 12. Re1 Rd8 13. Be5 c5 14. a4 a5
15. h3 Bd7 16. Ra1 Ne4 17. Nfd2 f6 18. Bh2 Nxd2 19. Qxd2 Be8 20. Reb1 e5 21.
Bg3 Bg6 22. f4 c4 23. Nc1 Bc5 24. Bf2 exf4 25. exf4 Bxf2+ 26. Qxf2 Qxf2+ 27.
Kxf2 Bxc2 28. b3 Bxb1 29. Rxb1 Rab8 0-1

[Event "29.Schlosspark-Open"]
[Site "Wiesbaden-Biebrich"]
[Date "2017.08.24"]
[Round "1.45"]
[White "Held, Carsten"]
[Black "Kammerer, Utz"]
[Result "1/2-1/2"]
[WhiteElo "2063"]
[BlackElo "1707"]
[PlyCount "89"]
[EventDate "2017.??.??"]
[WhiteTeam "SC Ladja Roßdorf"]
[BlackTeam "Heilbronner SV"]

1. Nf3 Nc6 2. c4 e5 3. d3 Nf6 4. Nc3 d6 5. g3 b6 6. Bg2 Bb7 7. O-O Be7 8. b4
O-O 9. Ne1 Qc8 10. Nc2 Nd8 11. Bg5 Ne6 12. Bxf6 Bxf6 13. Bxb7 Qxb7 14. Nd5 Bd8
15. b5 f5 16. Ncb4 f4 17. f3 fxg3 18. hxg3 Rf7 19. Kg2 Bg5 20. a4 Raf8 21. a5
Nd4 22. Nc3 Nf5 23. Nbd5 Ne3+ 24. Nxe3 Bxe3 25. Nd5 Bd4 26. Ra2 bxa5 27. Rxa5
Bb6 28. Ra1 Qc8 29. Rh1 Bd4 30. Rb1 Qf5 31. Qd2 h6 32. Rh4 Bb6 33. Rbh1 Qe6 34.
Rh5 Kh7 35. g4 Bc5 36. Qe1 Qg6 37. Qh4 Rxf3 38. exf3 Rxf3 39. Kxf3 Qxd3+ 40.
Kg2 Qe2+ 41. Kh3 Qf3+ 42. Kh2 Qe2+ 43. Kh3 Qf3+ 44. Kh2 Qe2+ 45. Kh3 1/2-1/2

[Event "29.Schlosspark-Open"]
[Site "Wiesbaden-Biebrich"]
[Date "2017.08.24"]
[Round "1.46"]
[White "Niedenthal, Robert"]
[Black "Eveleens, Wim"]
[Result "1/2-1/2"]
[WhiteElo "1707"]
[BlackElo "2059"]
[PlyCount "60"]
[EventDate "2017.??.??"]
[WhiteTeam "SV Hofheim"]
[BlackTeam "Santpoort"]

1. c4 f5 2. Nc3 Nf6 3. d3 e5 4. e3 Nc6 5. g3 Bc5 6. Bg2 O-O 7. a3 a5 8. Nge2 d6
9. O-O Qe8 10. Nd5 Qf7 11. Rb1 Nd8 12. b4 axb4 13. axb4 Ba7 14. Nec3 Ne6 15.
Nb5 Bb8 16. Nbc3 Nd7 17. b5 Kh8 18. f4 Ba7 19. Kh1 exf4 20. exf4 Bd4 21. Ne2
Bf6 22. Nxf6 Nxf6 23. Ng1 Nc5 24. Bb2 Bd7 25. Re1 Rfe8 26. Qc2 Ng4 27. Bd4 Ne6
28. Ba1 Nc5 29. Bd4 Ne6 30. Ba1 Nc5 1/2-1/2

[Event "29.Schlosspark-Open"]
[Site "Wiesbaden-Biebrich"]
[Date "2017.08.24"]
[Round "1.47"]
[White "Malzahn, Sven"]
[Black "Schomann, Michael"]
[Result "1-0"]
[WhiteElo "2052"]
[BlackElo "1705"]
[PlyCount "75"]
[EventDate "2017.??.??"]
[WhiteTeam "TuS Dotzheim"]
[BlackTeam "TSV Kücknitz"]

1. c4 e6 2. e4 c5 3. Nc3 Nc6 4. Nf3 d6 5. d4 cxd4 6. Nxd4 Nxd4 7. Qxd4 e5 8.
Qd3 Be6 9. Be2 Nf6 10. O-O Rc8 11. b3 a6 12. Rd1 Be7 13. Qg3 Qa5 14. Bd2 Qc7
15. Rac1 Qd7 16. f4 Bg4 17. fxe5 dxe5 18. Bg5 Qe6 19. Bxg4 Bc5+ 20. Kh1 Nxg4
21. Rf1 h6 22. Bd2 Qg6 23. h3 Nf2+ 24. Kh2 Qxg3+ 25. Kxg3 Nd3 26. Rcd1 Nb4 27.
Na4 Be7 28. Bxb4 Bxb4 29. Rd5 f6 30. Rfd1 O-O 31. Rd7 b5 32. cxb5 axb5 33. Nb6
Rc3+ 34. Kh2 Rc2 35. Nd5 Ba3 36. Ra7 Bc1 37. Ne7+ Kh8 38. Ng6+ 1-0

[Event "29.Schlosspark-Open"]
[Site "Wiesbaden-Biebrich"]
[Date "2017.08.24"]
[Round "1.48"]
[White "Rupp, Arnim"]
[Black "Frey, Thomas"]
[Result "0-1"]
[WhiteElo "1704"]
[BlackElo "2050"]
[PlyCount "72"]
[EventDate "2017.??.??"]
[WhiteTeam "SC Eschborn"]
[BlackTeam "SV Reutlingen"]

1. e4 e6 2. d4 d5 3. Nc3 Nf6 4. Bg5 Bb4 5. e5 h6 6. exf6 hxg5 7. fxg7 Rg8 8.
Qd2 Qf6 9. f3 Qxg7 10. O-O-O b6 11. a3 Bd6 12. g3 c6 13. Nge2 Ba6 14. f4 Nd7
15. h4 g4 16. Na2 Nf6 17. Nec3 Bxf1 18. Rdxf1 a5 19. Ne2 b5 20. Kb1 Ne4 21. Qd3
b4 22. a4 f5 23. Nac1 Qb7 24. Rh2 Kf7 25. b3 Be7 26. Qe3 Bf6 27. Nd3 Rad8 28.
Nf2 Qa7 29. Rd1 Rd7 30. Rd3 Rc8 31. Rh1 Qc7 32. Nxe4 dxe4 33. Rd2 Rd5 34. Rhd1
Rcd8 35. Kc1 Qd7 36. Kb1 c5 0-1

[Event "29.Schlosspark-Open"]
[Site "Wiesbaden-Biebrich"]
[Date "2017.08.24"]
[Round "1.49"]
[White "Kolker, Vladislav"]
[Black "Lohrmann, Tabea"]
[Result "0-1"]
[WhiteElo "2044"]
[BlackElo "1703"]
[PlyCount "75"]
[EventDate "2017.??.??"]
[WhiteTeam "SC Bad Nauheim"]
[BlackTeam "SC Waldkirch"]

1. e4 e5 2. f4 exf4 3. Nf3 Ne7 4. d4 d5 5. e5 Bg4 6. Bxf4 Nbc6 7. c3 Ng6 8. Bg3
Qd7 9. Bd3 O-O-O 10. Nbd2 Qe6 11. O-O Be7 12. b4 f6 13. b5 Nb8 14. Qa4 a6 15.
bxa6 Nxa6 16. Rab1 Nb8 17. Qa8 b6 18. Ba6+ Kd7 19. Bb5+ Nc6 20. Qa4 Ra8 21. Qb3
Ra3 22. Qb2 Rha8 23. Ra1 Bf8 24. c4 dxc4 25. Nxc4 R3a7 26. d5 Qe7 27. Bxc6+ Kc8
28. d6 Qf7 29. Bxa8 Qxc4 30. Rfc1 Qa6 31. Bc6 fxe5 32. Nxe5 Be6 33. d7+ Kd8 34.
Nxg6 hxg6 35. Bh4+ Be7 36. Qxg7 Bxd7 37. Qxe7+ Kc8 38. Qd8# 0-1

[Event "29.Schlosspark-Open"]
[Site "Wiesbaden-Biebrich"]
[Date "2017.08.24"]
[Round "1.50"]
[White "Traut, Stefan"]
[Black "Müller, Lutz"]
[Result "0-1"]
[WhiteElo "1698"]
[BlackElo "2042"]
[PlyCount "68"]
[EventDate "2017.??.??"]
[WhiteTeam "SF Heusenstamm"]
[BlackTeam "SC Bad Königshofen"]

1. d4 g6 2. Nf3 Bg7 3. c4 d6 4. Nc3 Nc6 5. g3 Nf6 6. Bg2 O-O 7. O-O e5 8. dxe5
dxe5 9. Be3 Be6 10. b3 h6 11. Qxd8 Rfxd8 12. Rad1 Ng4 13. Bc5 f5 14. Nd5 Rd7
15. h3 Nf6 16. Nxf6+ Bxf6 17. Rxd7 Bxd7 18. Rd1 Be6 19. e3 e4 20. Ne1 b6 21.
Ba3 Re8 22. Kf1 a5 23. Nc2 a4 24. f3 exf3 25. Bxf3 Na5 26. Bd5 axb3 27. axb3
Nxb3 28. Bxe6+ Rxe6 29. Rd7 Rc6 30. Nb4 Rxc4 31. Nd5 Nd2+ 32. Ke2 Ne4 33. Kd3
Ra4 34. Bc1 Nc5+ 0-1

[Event "29.Schlosspark-Open"]
[Site "Wiesbaden-Biebrich"]
[Date "2017.08.24"]
[Round "1.51"]
[White "Werner, Dimo"]
[Black "Michels, Fabio"]
[Result "1-0"]
[WhiteElo "2033"]
[BlackElo "1695"]
[PlyCount "79"]
[EventDate "2017.??.??"]
[WhiteTeam "TSV Schott Mainz"]
[BlackTeam "SG Mörsdorf-Lahr"]

1. d4 Nf6 2. Nf3 g6 3. c4 c5 4. d5 b5 5. Qc2 d6 6. e4 b4 7. Bd3 Nbd7 8. h3 Bg7
9. Bf4 Qc7 10. O-O O-O 11. Bh2 a5 12. Re1 a4 13. e5 Ne8 14. Qe2 Bb7 15. Nbd2 a3
16. b3 f6 17. exd6 exd6 18. Rad1 Ne5 19. Bb1 Qd7 20. Ne4 Nc7 21. Nxe5 fxe5 22.
Qg4 Qxg4 23. hxg4 Rad8 24. f3 Ba6 25. Bg3 Ne8 26. Bh4 Bf6 27. Bf2 Be7 28. Be3
Kg7 29. Bf2 g5 30. Ng3 Bc8 31. Bf5 Bxf5 32. Nxf5+ Kf6 33. Be3 Rg8 34. Kf2 Rd7
35. Rh1 Bf8 36. Rh5 Rg6 37. Rdh1 Rf7 38. Rxh7 Ng7 39. Ng3 Be7 40. Ne4# 1-0

[Event "29.Schlosspark-Open"]
[Site "Wiesbaden-Biebrich"]
[Date "2017.08.24"]
[Round "1.52"]
[White "Viol, Julius"]
[Black "Schmid, Eugen"]
[Result "0-1"]
[WhiteElo "1589"]
[BlackElo "2024"]
[PlyCount "100"]
[EventDate "2017.??.??"]
[WhiteTeam "FC Bierstadt"]
[BlackTeam "SV Herrenberg"]

1. c4 e6 2. g3 Nf6 3. Bg2 c5 4. e4 Nc6 5. Nc3 Be7 6. Nge2 d6 7. O-O Qc7 8. d3
a6 9. Rb1 O-O 10. a3 Rb8 11. b4 cxb4 12. axb4 b5 13. cxb5 axb5 14. Be3 Bd7 15.
d4 Rfc8 16. f4 d5 17. exd5 exd5 18. Nxd5 Nxd5 19. Bxd5 Nxb4 20. Rc1 Qd6 21. Bg2
Bf5 22. Qb3 Bc2 23. Qa3 Qe6 24. d5 Nxd5 25. Bxd5 Bxa3 26. Bxe6 fxe6 27. Ra1 b4
28. Nd4 Bd3 29. Rfd1 Bc4 30. Rab1 b3 31. Rd2 Bd5 32. Re2 b2 33. Nc2 Rxc2 34.
Rxc2 Be4 35. Rbxb2 Bxb2 36. Rc7 Rb7 37. Rc5 Bf6 38. h4 h6 39. Rc1 Rb1 40. Rxb1
Bxb1 41. Kf2 Kf7 42. h5 Bf5 43. Kf3 Bc2 44. Bf2 Ke8 45. Be3 Kd7 46. Bf2 Kc6 47.
Be3 Kd5 48. Bd2 Bd4 49. Ke2 Ke4 50. Kf1 Kf3 0-1

[Event "29.Schlosspark-Open"]
[Site "Wiesbaden-Biebrich"]
[Date "2017.08.24"]
[Round "1.53"]
[White "Belz, Frank-Martin"]
[Black "Björknes, Uwe"]
[Result "1-0"]
[WhiteElo "2021"]
[BlackElo "1678"]
[PlyCount "59"]
[EventDate "2017.??.??"]
[WhiteTeam "SK Freising"]
[BlackTeam "SK Bad Homburg"]

1. Nf3 Nf6 2. c4 g6 3. b4 Bg7 4. Bb2 O-O 5. g3 d5 6. cxd5 Nxd5 7. Bxg7 Kxg7 8.
Qb3 Qd6 9. Qb2+ f6 10. a3 a5 11. b5 e5 12. Bg2 Nd7 13. O-O N7b6 14. Rc1 Be6 15.
e4 Ne7 16. d4 exd4 17. Nxd4 Bf7 18. Rd1 Kg8 19. Qc2 Rfd8 20. Nc3 Qc5 21. Nd5
Qxc2 22. Nxe7+ Kf8 23. Nxg6+ hxg6 24. Nxc2 Bb3 25. Rxd8+ Rxd8 26. Ne3 Ba4 27.
Bf1 Ke7 28. Rc1 c6 29. bxc6 bxc6 30. Rb1 1-0

[Event "29.Schlosspark-Open"]
[Site "Wiesbaden-Biebrich"]
[Date "2017.08.24"]
[Round "1.54"]
[White "Salecker, Phil"]
[Black "Waffenschmidt, Joachim"]
[Result "1/2-1/2"]
[WhiteElo "1673"]
[BlackElo "2015"]
[PlyCount "48"]
[EventDate "2017.??.??"]
[WhiteTeam "SC FK Babenhausen"]
[BlackTeam "SC Brett vorm Kopp"]

1. c4 c6 2. Nc3 d5 3. cxd5 cxd5 4. d4 Nf6 5. Nf3 e6 6. Bg5 Be7 7. e3 Nc6 8. Bd3
O-O 9. O-O a6 10. a4 Nb4 11. Be2 Bd7 12. Ne5 Rc8 13. Qb3 a5 14. Rfc1 h6 15.
Bxf6 gxf6 16. Nxd7 Qxd7 17. Bb5 Qd6 18. Qd1 f5 19. Ne2 Bg5 20. Rxc8 Rxc8 21.
Rc1 Rc7 22. g3 Be7 23. Rxc7 Qxc7 24. Qc1 Qxc1+ 1/2-1/2

[Event "29.Schlosspark-Open"]
[Site "Wiesbaden-Biebrich"]
[Date "2017.08.24"]
[Round "1.55"]
[White "Gentner, Markus"]
[Black "Knödler, Marcel"]
[Result "0-1"]
[WhiteElo "2010"]
[BlackElo "1581"]
[PlyCount "80"]
[EventDate "2017.??.??"]
[WhiteTeam "SC Murrhardt"]
[BlackTeam "FC Bierstadt"]

1. Nf3 Nf6 2. c4 c5 3. d4 cxd4 4. Nxd4 g6 5. Nc3 Nc6 6. e4 d6 7. Be2 Bg7 8. Be3
O-O 9. f3 e6 10. Qd2 d5 11. Nxc6 bxc6 12. Rd1 Bb7 13. Bg5 Qa5 14. b4 Qc7 15. e5
Nd7 16. Be7 Rfe8 17. Bd6 Qd8 18. f4 dxc4 19. Bxc4 Nb6 20. Qe2 Qc8 21. Bd3 Bf8
22. Ne4 Kg7 23. Qf2 Rd8 24. Qh4 Bxd6 25. Nxd6 Qc7 26. Be4 Nc8 27. Nf5+ exf5 28.
Qf6+ Kh6 29. Rxd8 fxe4 30. f5 Qe7 31. O-O Qxf6 32. exf6 Nb6 33. Rd6 Rg8 34. Rf4
Kg5 35. g3 Re8 36. h4+ Kh5 37. Kh2 e3 38. Rd3 e2 39. g4+ Kh6 40. fxg6 hxg6 0-1